00814nam a2200193Ia 4500008004100000040001800041041000800059100002600067245013700093260008200230300001800312490007300330504003900403650005000442650003600492650002600528650003100554651003500585130821s2000 ag gr spa  aCo-BoUCMbspa00aspa aVazquez Viera, Emilio03aEl proceso subversivo en Argentina a través de la bibliografía nacional Origen y evolución (1955-1975)cEmilio V zquez Viera. aArgentina (América)bAcademia Nacional de Derecho y Ciencias Socialesc2000 a390 páginas aEdiciones de la Academia Nacional de Derecho y Ciencias Socialesv21 aIncluye bibliografía e índice.04aActividades subversivaszArgentinay1955-197504aGuerra de guerrillaszArgentina04aHistoria de América04aRelaciones internacionales aArgentinaxHistoriay1955-1975